000 01153nam a22002297a 4500
008 100314s2007 eng|||||r|||| 001 0 eng d
020 _a9780273712466
020 _a0273712462
082 _222
_a658.85
_bDUG
100 _912625
_aDugdale, Keith
245 _aSmarter Selling :
_bNext generation sales strategies to meet your buyer's needs, every time /
_c Keith Dugdale and David Lambert.
260 _aHarlow :
_bFinancial Times Prentice Hall, 2007.
_c2007
300 _a xx, 234 p. :
_b ill. ;
_c 24 cm.
500 _aIncludes index.
650 _911642
_aSelling.
650 _912594
_aCustomer relations
700 _912624
_aLambert, David
942 _2ddc
_cBB
999 _c13667
_d13667